Central Library OPAC University of Rajshahi

The nationalist lobby / (Record no. 35882)

MARC details
000 -LEADER
fixed length control field 00662nam a2200217 4500
001 - CONTROL NUMBER
control field 35882
003 - CONTROL NUMBER IDENTIFIER
rucl marc code BD-RjUL
005 - DATE AND TIME OF LATEST TRANSACTION
control field 20211209052409.0
008 - FIXED-LENGTH DATA ELEMENTS--GENERAL INFORMATION
fixed length control field 140611s1971 uk ||||| |||| 001 0 eng d
035 ## - SYSTEM CONTROL NUMBER
System control number (BD-RjUL)35978
040 ## - CATALOGING SOURCE
Original cataloging agency BD-RjUL
Language of cataloging eng
Transcribing agency BD-RjUL
041 ## - LANGUAGE CODE
Language code of text/sound track or separate title eng
082 ## - DEWEY DECIMAL CLASSIFICATION NUMBER
Classification number 320.54043
Author mark and year BAN 1971
100 ## - MAIN ENTRY--PERSONAL NAME
Personal name Bartosz, Julian
9 (RLIN) 109273
245 ## - TITLE STATEMENT
Title The nationalist lobby /
Statement of responsibility, etc. by Julian Bartosz and Ryszard Hajduk ; [transl. by Stanisław Tarnowski].
260 ## - PUBLICATION, DISTRIBUTION, ETC. (IMPRINT)
Place of publication, distribution, etc. Warsaw :
Name of publisher, distributor, etc. Interpress Publishers,
Date of publication, distribution, etc. 1971.
300 ## - PHYSICAL DESCRIPTION
Pagination 170, [1] s. ;
Size 20 cm.
650 ## - SUBJECT ADDED ENTRY--TOPICAL TERM
Topical term or geographic name as entry element Nationalism
Geographic subdivision Germany
9 (RLIN) 109291
700 ## - ADDED ENTRY--PERSONAL NAME
Personal name Ryszard Hajduk
942 ## - ADDED ENTRY ELEMENTS (KOHA)
Source of classification or shelving scheme Dewey Decimal Classification
Koha item type Books
Holdings
Lost status Source of classification or shelving scheme Damaged status Not for loan Collection code Permanent Location Current Location Shelving location Date acquired Source of acquisition Total Checkouts Full call number Date last seen Copy number Koha item type
  Dewey Decimal Classification     Non-fiction Central Library, University of Rajshahi Central Library, University of Rajshahi   27/05/1974 POLARAL   320.54043 BAN 1971 11/06/2014 C-3 Books
  Dewey Decimal Classification     Non-fiction Central Library, University of Rajshahi Central Library, University of Rajshahi   27/05/1974 POLARAL   320.54043 BAN 1971 11/06/2014 C-4 Books
  Dewey Decimal Classification     Non-fiction Central Library, University of Rajshahi Central Library, University of Rajshahi   27/05/1974 POLARAL   320.54043 BAN 1971 11/06/2014 C-2 Books
  Dewey Decimal Classification     Non-fiction Central Library, University of Rajshahi Central Library, University of Rajshahi   27/05/1974 POLARAL   320.54043 BAN 1971 11/06/2014 C-5 Books
  Dewey Decimal Classification   Not For Loan Non-fiction Central Library, University of Rajshahi Central Library, University of Rajshahi Reading Room 27/05/1974 Zeitlinger   320.54043 BAN 1971 12/12/2016 C-1 Books